书目信息 |
| 题名: |
国家建筑标准设计图集
|
|
| 作者: | ;中国建筑标准设计研究所 编制 | |
| 分册: | 太阳能热水器选用与安装 | |
| 出版信息: | 北京 中国计划出版社 2006 |
|
| 页数: | 82页 | |
| 开本: | 19×26cm | |
| 丛书名: | ||
| 单 册: | ||
| 中图分类: | TU206 , TK515-64 | |
| 科图分类: | ||
| 主题词: | 太阳能水加热器--安装--图集 , 建筑设计 , 建筑设计--中国--图集 , 太阳能水加热器 | |
| 电子资源: | ||
| ISBN: | 7-80177-583-X | |
| 000 | 01017nam0 2200265 450 | |
| 001 | 139067 | |
| 005 | 20140908090343.62 | |
| 010 | @a7-80177-583-X@dCNY 30.00 | |
| 100 | @a20060104d2006 em y0chiy50 ea | |
| 101 | 0 | @achi |
| 102 | @aCN@b110000 | |
| 105 | @aak z 000yy | |
| 200 | 1 | @a国家建筑标准设计图集@9guo jia jian zhu biao zhun she ji tu ji@i太阳能热水器选用与安装@b专著@e06J908-6@f中国建筑标准设计研究院组织编制 |
| 210 | @a北京@c中国计划出版社@d2006 | |
| 215 | @a82页@d19×26cm | |
| 330 | @a本书介绍了太阳能集热器安装在建筑屋面、阳台、墙面和建筑其他部位典型的建筑构造详图;太阳能热水系统基本知识和太阳能热水系统布置原则及如何选用;国内外太阳能热水系统与建筑结合的工程实例等。 | |
| 606 | 0 | @a太阳能水加热器@x安装@j图集 |
| 606 | 0 | @a建筑设计 |
| 606 | 0 | @a建筑设计@y中国@j图集 |
| 606 | 0 | @a太阳能水加热器 |
| 690 | @aTU206@v4 | |
| 690 | @aTK515-64@v4 | |
| 711 | 02 | @a中国建筑标准设计研究所@9zhong guo jian zhu biao zhun she ji yan jiu suo@4编制 |
| 801 | 0 | @c20140908 |
| 905 | @a241430@dTU206@eZ56318 | |
| 国家建筑标准设计图集.太阳能热水器选用与安装:06J908-6/中国建筑标准设计研究院组织编制.-北京:中国计划出版社,2006 |
| 82页;19×26cm |
| ISBN 7-80177-583-X:CNY 30.00 |
| 本书介绍了太阳能集热器安装在建筑屋面、阳台、墙面和建筑其他部位典型的建筑构造详图;太阳能热水系统基本知识和太阳能热水系统布置原则及如何选用;国内外太阳能热水系统与建筑结合的工程实例等。 |
| ● |
| 相关链接 |
|
|
|
正题名:国家建筑标准设计图集
索取号:TU206/Z56318
 
预约/预借
| 序号 | 登录号 | 条形码 | 馆藏地/架位号 | 状态 | 备注 |
| 1 | 0828817 | 208288173 | 市政与环境工程学院资料室/ [索取号:TU206/Z56318] | 在馆 | |
| 2 | 0828818 | 208288182 | 建筑库101/101建筑库 44排1列5层/ [索取号:TU206/Z56318] | 在馆 | |
| 3 | 0828819 | 208288191 | 市政与环境工程学院资料室/ [索取号:TU206/Z56318] | 在馆 | |
| 4 | 0828820 | 208288208 | 市政与环境工程学院资料室/ [索取号:TU206/Z56318] | 在馆 | |
| 5 | 0828821 | 208288217 | 市政与环境工程学院资料室/ [索取号:TU206/Z56318] | 在馆 | |
| 6 | 0828822 | 208288226 | 市政与环境工程学院资料室/ [索取号:TU206/Z56318] | 在馆 | |
| 7 | 0828823 | 208288235 | 市政与环境工程学院资料室/ [索取号:TU206/Z56318] | 在馆 | |
| 8 | 0828824 | 208288244 | 市政与环境工程学院资料室/ [索取号:TU206/Z56318] | 在馆 | |
| 9 | 0828825 | 208288253 | 市政与环境工程学院资料室/ [索取号:TU206/Z56318] | 在馆 | |
| 10 | 0828826 | 208288262 | 市政与环境工程学院资料室/ [索取号:TU206/Z56318] | 在馆 |